书目信息 |
| 题名: |
胆小别看画
|
|
| 作者: | 中野京子 著 | |
| 分册: | 4 人性的暗影 | |
| 出版信息: | 北京 中信出版社 2016.06 |
|
| 页数: | 263页 | |
| 开本: | 18cm | |
| 丛书名: | ||
| 单 册: | ||
| 中图分类: | J205.1 | |
| 科图分类: | ||
| 主题词: | 绘画理论 | |
| 电子资源: | ||
| ISBN: | 978-7-5086-6032-5 | |
| 000 | 01188nam0 2200217 450 | |
| 001 | 1952627787 | |
| 005 | 20190104142929.57 | |
| 010 | @a978-7-5086-6032-5@dCNY 42.00 | |
| 100 | @a20190104d2016 km y0chiy0120 ea | |
| 101 | 0 | @achi |
| 102 | @aCN@b110000 | |
| 200 | 1 | @a胆小别看画@Adan xiao bie kan hua@h4@i人性的暗影@f(日)中野京子著@F(ri)zhong ye jing zi zhu |
| 210 | @a北京@c中信出版社@d2016.06 | |
| 215 | @a263页@d18cm | |
| 330 | @a如果说这世上真的存在倾国倾城之美,那么德国画家温德尔哈尔特笔下的《伊丽莎白皇后》(茜茜公主)一定不负盛名。高贵精致的面容,纤细的腰肢,不只在哈布斯堡王朝,伊丽莎白皇后在整个欧洲史上都称得上数一数二的美女。然而仔细审视,肖像画中的这位美人眼中却毫无笑意,饱含忧郁的视线游移不定,无处可落。华丽优雅的白色裙摆上,蛰伏着一片令人不安的暗影。与奥地利皇帝弗朗茨看似浪漫的一见钟情式爱情,与“大国王妃”的沉重使命,给天性自由的茜茜公主的带来的却是无尽的压力和痛苦,与皇太后苏菲的婆媳之争,无法养育自己儿女的无奈,让她一段又一段异国他乡的旅行看起来像是一场悲壮的流浪。 | |
| 517 | 1 | @a人性的暗影@Aren xing de an ying |
| 606 | 0 | @a绘画理论 |
| 690 | @aJ205.1@v4 | |
| 701 | 0 | @a中野京子@Azhong ye jing zi@4著 |
| 801 | 0 | @aCN@bMUSE@c20190104 |
| 905 | @aBZT@dJ205.1@e13-4 | |
| 胆小别看画.4.人性的暗影/(日)中野京子著.-北京:中信出版社,2016.06 |
| 263页;18cm |
| ISBN 978-7-5086-6032-5:CNY 42.00 |
| 如果说这世上真的存在倾国倾城之美,那么德国画家温德尔哈尔特笔下的《伊丽莎白皇后》(茜茜公主)一定不负盛名。高贵精致的面容,纤细的腰肢,不只在哈布斯堡王朝,伊丽莎白皇后在整个欧洲史上都称得上数一数二的美女。然而仔细审视,肖像画中的这位美人眼中却毫无笑意,饱含忧郁的视线游移不定,无处可落。华丽优雅的白色裙摆上,蛰伏着一片令人不安的暗影。与奥地利皇帝弗朗茨看似浪漫的一见钟情式爱情,与“大国王妃”的沉重使命,给天性自由的茜茜公主的带来的却是无尽的压力和痛苦,与皇太后苏菲的婆媳之争,无法养育自己儿女的无奈,让她一段又一段异国他乡的旅行看起来像是一场悲壮的流浪。 |
| ● |
| 相关链接 |
|
|
|
正题名:胆小别看画
索取号:J205.1/13-4
 
预约/预借
| 序号 | 登录号 | 条形码 | 馆藏地/架位号 | 状态 | 备注 |
| 1 | 850006 | 2000850006 | 第二书库/ [索取号:J205.1/13-4] |
已借出,限还日期为2024.11.26 借出人:袁僖阳 |
|
| 2 | 854588 | 2000854588 | 第二书库/ [索取号:J205.1/13-4] | 在馆 | |
| 3 | 855000 | 2000855000 | 第二书库/ [索取号:J205.1/13-4] | 在馆 |